Word Scramble - Asian Capitals - Statistics

General Stats
  • This quiz has been taken 110 times
  • The average score is 16 of 20
Answer Stats
Capital % Correct
Tokyo
100%
Baghdad
96%
Doha
94%
Dili
92%
Jakarta
91%
Hanoi
90%
Kabul
90%
Bangkok
89%
Muscat
88%
Taipei
88%
Tbilisi
88%
Manama
87%
Pyongyang
87%
Ankara
86%
Baku
86%
Dhaka
86%
Manila
84%
Seoul
84%
Beijing
83%
Beirut
83%
Damascus
83%
Sana'a
83%
Amman
81%
Malé
81%
Kathmandu
78%
Nicosia
77%
Yerevan
77%
Ashgabat
76%
Islamabad
73%
Jerusalem
73%
Tehran
73%
Thimphu
71%
Bishkek
69%
Riyadh
69%
Vientiane
69%
Ulaanbaatar
68%
Tashkent
65%
Dushanbe
59%
Singapore
55%
Nur-Sultan
52%
No matching quizzes found
Score Distribution
Percent of People with Each Score
Percentile by Number Answered
Your Score History
You have not taken this quiz